| 000 | 00389nam a22001337a 4500 | ||
|---|---|---|---|
| 020 | _a9780486439457 | ||
| 040 | _cNUST | ||
| 082 | _a510 HAM | ||
| 100 |
_aHamming Richard W _9113915 |
||
| 245 | _aMethods of Mathematics Applied to Calculus, Probability, and Statistics | ||
| 260 |
_aNew York: _bDover Publications, _c2004. |
||
| 650 |
_aMethods of Mathematics _9113916 |
||
| 942 |
_2ddc _cTEXT |
||
| 999 |
_c595353 _d595353 |
||